<?xml version="1.0" encoding="UTF-8"?>
<record
    xmlns:xsi="http://www.w3.org/2001/XMLSchema-instance"
    xsi:schemaLocation="http://www.loc.gov/MARC21/slim http://www.loc.gov/standards/marcxml/schema/MARC21slim.xsd"
    xmlns="http://www.loc.gov/MARC21/slim">

  <leader>02995nmm a22004337a 4500</leader>
  <datafield tag="999" ind1=" " ind2=" ">
    <subfield code="c">6599</subfield>
    <subfield code="d">6599</subfield>
  </datafield>
  <controlfield tag="003">OSt</controlfield>
  <controlfield tag="005">20260326115612.0</controlfield>
  <controlfield tag="008">191018e        xxu|||||o||d| 00| 0 spa d</controlfield>
  <datafield tag="020" ind1=" " ind2=" ">
    <subfield code="a">9789507277658</subfield>
  </datafield>
  <datafield tag="040" ind1=" " ind2=" ">
    <subfield code="c">PJ</subfield>
  </datafield>
  <datafield tag="245" ind1="1" ind2="0">
    <subfield code="a">Revista Laboral :</subfield>
    <subfield code="b">protecci&#xF3;n de la remuneraci&#xF3;n y otros cr&#xE9;ditos del trabajador /</subfield>
    <subfield code="c">Mario E. Ackerman director.</subfield>
  </datafield>
  <datafield tag="260" ind1=" " ind2=" ">
    <subfield code="a">Santa F&#xE9; :</subfield>
    <subfield code="b">Rubinzal Culzoni,</subfield>
    <subfield code="c">2025.</subfield>
  </datafield>
  <datafield tag="300" ind1=" " ind2=" ">
    <subfield code="a">566 p.</subfield>
    <subfield code="c">22 cm.</subfield>
  </datafield>
  <datafield tag="310" ind1=" " ind2=" ">
    <subfield code="a">semestral</subfield>
  </datafield>
  <datafield tag="362" ind1=" " ind2=" ">
    <subfield code="a">No.2 (2025) </subfield>
  </datafield>
  <datafield tag="505" ind1=" " ind2=" ">
    <subfield code="t">Las propinas frente al decreto de necesidad y urgencia 731/2024 /</subfield>
    <subfield code="r"> Miguel &#xC1;ngel Maza y Alejandro.</subfield>
  </datafield>
  <datafield tag="505" ind1=" " ind2=" ">
    <subfield code="t">El valor de los cr&#xE9;ditos laborales, indexaci&#xF3;n y una oprobiosa moratoria laboral /</subfield>
    <subfield code="r">C&#xE9;sar Arese.</subfield>
  </datafield>
  <datafield tag="505" ind1=" " ind2=" ">
    <subfield code="t">La remuneraci&#xF3;n y lo remunerativo /</subfield>
    <subfield code="r"> Alejandro Sudera.</subfield>
  </datafield>
  <datafield tag="505" ind1=" " ind2=" ">
    <subfield code="t">Los convenios colectivos de trabajo y las sumas no remuneratorias /</subfield>
    <subfield code="r"> Horacio Las Heras.</subfield>
  </datafield>
  <datafield tag="505" ind1=" " ind2=" ">
    <subfield code="t">Gratuidad en procedimientos judiciales y administrativos /</subfield>
    <subfield code="r"> Ra&#xFA;l Horacio Ojeda.

</subfield>
  </datafield>
  <datafield tag="505" ind1=" " ind2=" ">
    <subfield code="t">El privilegio especial del cr&#xE9;dito del trabajador, a prop&#xF3;sito del convenio n&#xBA; 173 oit y el fallo &#x201C;acevedo&#x201D; de la csjn /</subfield>
    <subfield code="r">Pablo Arnaldo Topet.</subfield>
  </datafield>
  <datafield tag="505" ind1=" " ind2=" ">
    <subfield code="t">Compensaci&#xF3;n de la indemnizaci&#xF3;n sustitutiva de preaviso omitida por el renunciante /</subfield>
    <subfield code="r">Carlos Alberto Livellara.</subfield>
  </datafield>
  <datafield tag="505" ind1=" " ind2=" ">
    <subfield code="t">La responsabilidad solidaria frente al cr&#xE9;dito de la persona trabajadora en la descentralizaci&#xF3;n productiva /</subfield>
  </datafield>
  <datafield tag="505" ind1=" " ind2=" ">
    <subfield code="t">Transferencia de establecimientos. algunas cuestiones con la solidaridad /</subfield>
    <subfield code="r">Jorge Oscar Morresi.</subfield>
  </datafield>
  <datafield tag="505" ind1=" " ind2=" ">
    <subfield code="t">La responsabilidad solidaria frente al cr&#xE9;dito de la persona trabajadora: extensi&#xF3;n de condena a socios, asociados, controlantes y administradores de sociedades comerciales y personas jur&#xED;dicas privadas /</subfield>
    <subfield code="r">Osvaldo A. Maddaloni.</subfield>
  </datafield>
  <datafield tag="505" ind1=" " ind2=" ">
    <subfield code="t">Cesi&#xF3;n del personal.</subfield>
    <subfield code="r">Diego Rodrigo Guirado.</subfield>
  </datafield>
  <datafield tag="505" ind1=" " ind2=" ">
    <subfield code="t">La protecci&#xF3;n laboral en los grupos econ&#xF3;micos /</subfield>
    <subfield code="r">Mirna Valeria Lozano.</subfield>
  </datafield>
  <datafield tag="505" ind1=" " ind2=" ">
    <subfield code="t">L&#xED;mites a las retenciones que puede realizar el empresario principal: la modificaci&#xF3;n de los art&#xED;culos 29 y 136 de la lct /</subfield>
    <subfield code="r">Hebe A. Garc&#xED;a Borr&#xE1;s.</subfield>
  </datafield>
  <datafield tag="505" ind1=" " ind2=" ">
    <subfield code="t">Embargabilidad de los cr&#xE9;ditos del trabajador /</subfield>
    <subfield code="r"> Ricardo Francisco Seco.</subfield>
  </datafield>
  <datafield tag="505" ind1=" " ind2=" ">
    <subfield code="t">Protecci&#xF3;n contra la desvalorizaci&#xF3;n de los cr&#xE9;ditos. el limbo en que se encuentra el art&#xED;culo 276 de la lct /</subfield>
    <subfield code="r">Daniela Favier.</subfield>
  </datafield>
  <datafield tag="505" ind1=" " ind2=" ">
    <subfield code="t">El impuesto a las ganancias y las indemnizaciones por extinci&#xF3;n del v&#xED;nculo laboral: una deuda pendiente /</subfield>
    <subfield code="r">Mar&#xED;a Sol Loredo.</subfield>
  </datafield>
  <datafield tag="505" ind1=" " ind2=" ">
    <subfield code="t">Protecci&#xF3;n contra la desvalorizaci&#xF3;n de los cr&#xE9;ditos. las actas de la cnat y los fallos de la csjn /</subfield>
    <subfield code="r">Nahuel Andreu.</subfield>
  </datafield>
  <datafield tag="505" ind1=" " ind2=" ">
    <subfield code="t">S&#xED;ntesis de jurisprudencia /</subfield>
    <subfield code="r"> Diego Rodrigo Guirado Colaborador: Ramiro Rafael Ruiz Fern&#xE1;ndez.</subfield>
  </datafield>
  <datafield tag="650" ind1=" " ind2="0">
    <subfield code="9">1316</subfield>
    <subfield code="a">DERECHO LABORAL</subfield>
  </datafield>
  <datafield tag="650" ind1=" " ind2="0">
    <subfield code="9">1318</subfield>
    <subfield code="a">REMUNERACION</subfield>
  </datafield>
  <datafield tag="700" ind1=" " ind2=" ">
    <subfield code="9">1423</subfield>
    <subfield code="a">Ackermann, Mario Eduardo</subfield>
    <subfield code="e">director</subfield>
  </datafield>
  <datafield tag="856" ind1=" " ind2=" ">
    <subfield code="u">https://www.rubinzal.com.ar/revistas/revista-de-derecho-laboral/5/?menupc=1</subfield>
    <subfield code="y">Revista Derecho Laboral </subfield>
  </datafield>
  <datafield tag="942" ind1=" " ind2=" ">
    <subfield code="2">udc</subfield>
    <subfield code="c">PP</subfield>
  </datafield>
  <datafield tag="952" ind1=" " ind2=" ">
    <subfield code="0">0</subfield>
    <subfield code="1">0</subfield>
    <subfield code="2">udc</subfield>
    <subfield code="4">0</subfield>
    <subfield code="7">0</subfield>
    <subfield code="a">DJS</subfield>
    <subfield code="b">DJS</subfield>
    <subfield code="d">2026-03-17</subfield>
    <subfield code="p">6783</subfield>
    <subfield code="r">2026-03-17</subfield>
    <subfield code="w">2026-03-17</subfield>
    <subfield code="y">PP</subfield>
  </datafield>
</record>
